Normal view MARC view
  • Supervised by Maj Fazal Ahmed and External DS: Dr. Muid Mufti

Entry Personal Name

Number of records used in: 1

001 - CONTROL NUMBER

  • control field: 131811

003 - CONTROL NUMBER IDENTIFIER

  • control field: NUST

005 - DATE AND TIME OF LATEST TRANSACTION

  • control field: 20251111175238.0

008 - FIXED-LENGTH DATA ELEMENTS

  • fixed length control field: 251111|| aca||aabn | a|a d

040 ## - CATALOGING SOURCE

  • Original cataloging agency: NUST
  • Transcribing agency: NUST

100 ## - HEADING--PERSONAL NAME

  • Personal name: Supervised by Maj Fazal Ahmed and External DS: Dr. Muid Mufti

670 ## - SOURCE DATA FOUND

  • Source citation: Work cat.: (NUST)182676: Butt , NC Azer (TCC-10) 131810, Simulation of 3G Mobile system /, 2002
© 2023 Central Library, National University of Sciences and Technology. All Rights Reserved.